000 00629nam a22002057a 4500
003 OSt
005 20160818135431.0
008 160818b xxu||||| |||| 00| 0 eng d
020 _a9781607950530
020 _a1607950537
040 _cDNLM.
082 _aWG170M72e 2010.
100 _aEskandari,K.Mark;Pearce,H.William;Yao,S.T.James;
_910768
245 _aModern Trends In Vascular Surgery:
_bEndovascular Technology.
260 _aUSA.
_bPeoples Medical Publishing House.
_c2010
300 _axxvii,619p;
_bill;
_c26cm.
504 _aIncludes Index and References.
650 _aVascular Surgery.
_910769
942 _2z
_cO_SHELF
999 _c5028
_d5028